| 000 | 01313nam a2200289 4500 | ||
|---|---|---|---|
| 001 | 0000023292 | ||
| 003 | CO-CtgCURN | ||
| 005 | 20250331184356.0 | ||
| 007 | ta | ||
| 008 | 160627s2009 000 0 eng d | ||
| 020 | _a9789586514903 | ||
| 040 |
_aCO-CtgCURN _bspa _ccoctgcurn |
||
| 082 | 0 |
_a306 _bF197p |
|
| 100 | 1 | _aFals Borda, Orlando. | |
| 245 | 1 | 0 |
_aPerspectivas del pensamiento social latinoamericano / _cOlando Fals Borda. |
| 260 |
_a[Bogotá] : _bUniversidad Nacional Abierta y a Distancia UNAD, _c2009. |
||
| 300 | _a131 P. | ||
| 336 | _2rdacontent | ||
| 337 |
_2rdamedia _asin mediacion _bn |
||
| 338 |
_2rdacarrier _avolumen _bnc |
||
| 504 | _aBibliografia (p. 131) | ||
| 505 | 8 | _aDesafios desde el presente potencial en Colombia y America Latina.--Colonialidad del poder y subjetividad en America Latina.--Orlando Fals Borda: utopias presentes y futuros posibles del ordenamiento territorial y el desarrollo regional.--America Latina: identidad y diversidad cultural.--La utopia profunda de Abya Yala: la visibilizacion de los invisibles.--Efectos de los modelos de desarrollo sobre la niñez y la juventud | |
| 650 | 1 | 4 | _aNiños (Derecho internacional) |
| 908 | _a160627 | ||
| 942 |
_cBK _h306 _iF197p _2ddc |
||
| 999 |
_c17759 _d17759 |
||